000 00365nam a22001577a 4500
003 dpl
005 20230828124006.0
008 230828b |||||||| |||| 00| 0 eng d
040 _c-
082 _a621-MSE
100 _a-
_955413
245 _aM.S. Excel 2016
_hEnglish
260 _aA.I.C.B.
_bDelhi
_cRohini
300 _a12x13
_f1
942 _2ddc
_cBRLEN
_k621
_mMSE
999 _c197586
_d197586